Tartarín de Tarascón
Gorde:
| Egile nagusia: | |
|---|---|
| Formatua: | Liburua |
| Hizkuntza: | Undetermined |
| Argitaratua: |
Madrid, España
Sáenz de Jubera
1891
|
| Gaiak: | |
| Etiketak: |
Etiketa erantsi
Etiketarik gabe, Izan zaitez lehena erregistro honi etiketa jartzen!
|
MARC
| LEADER | 00000nam a2200000Ia 4500 | ||
|---|---|---|---|
| 008 | 170316s9999 xx 000 0 und d | ||
| 040 | |a cru BVZT | ||
| 090 | |a 840 D-4t | ||
| 100 | |a Daudet, Alfonso | ||
| 245 | |a Tartarín de Tarascón | ||
| 260 | |a Madrid, España | ||
| 260 | |b Sáenz de Jubera | ||
| 260 | |c 1891 | ||
| 300 | |a 278 páginas | ||
| 650 | |a LITERATURA FRANCESA | ||
| 999 | |c 7646 |d 7646 | ||
| 942 | |c 15 D |h 840 D-4t |2 z | ||
